Sanat "Uusi aamunkoi" - Suvi Teräsniska - Statistics

Yleistilastot
  • Tätä visaa on pelattu 7 kertaa
  • Keskiarvotulos 98 / 122
Vastaustilastot
Vastaus % Oikein
aamunkoi
100%
ja
100%
kuin
100%
100%
me
100%
minä
100%
se
100%
sen
100%
siinä
100%
uusi
100%
aamuun
83%
antaa
83%
en
83%
En
83%
eteenpäin
83%
heräät
83%
kuinka
83%
kun
83%
lupaan
83%
mihinkään
83%
minäkään
83%
mut
83%
mutta
83%
on
83%
oo
83%
oot
83%
selvitään
83%
sinäkään
83%
täältä
83%
tiedä
83%
tiedän
83%
Tulkoon
83%
tulkoon
83%
uuteen
83%
vielä
83%
voi
83%
voimakkaampi
83%
annettu
67%
apu
67%
helle
67%
henkäystäkään
67%
huomaat
67%
huominen
67%
jään
67%
jokaiselle
67%
jonka
67%
kanssas
67%
kantaa
67%
kerran
67%
kuljen
67%
luoksesi
67%
meille
67%
mennyt
67%
oikeus
67%
osaasi
67%
painostava
67%
puolestasi
67%
puolta
67%
rikkautta
67%
samaa
67%
sulle
67%
sun
67%
sysimusta
67%
tahdon
67%
täysi
67%
toivon
67%
tuoda
67%
työ
67%
viereltäs
67%
voin
67%
67%
huolta
50%
Voittaa
50%
voittaa
50%
Ehtoja vastaavia visoja ei löytynyt
Tulosjakauma
Jokaisen tuloksen saaneiden osuus
Persentiili vastausten määrän mukaan
Tuloshistoriasi
Et ole pelannut tätä visaa